000 00835nam a2200217 a 4500
001 000010708
005 20200929162258.0
008 091009s1999 dr ad 001 0 spa d
020 _a8489539952
040 _aDO-SdBNP
_bspa
_cBNPHU
082 _a621.56
_bM843t
100 1 _aMoreno San Juan, José Luis
_92397
245 1 0 _aTópicos especializados sobre refrigeración y climatización artificial /
_cJosé Luis Moreno San Juan.
260 _aSanto Domingo :
_bUniversidad Autónoma de Santo Domingo.
_bFacultad de Ingeniería y Arquitectura,
_c1999.
300 _a423 p. :
_bil. ; gráfcs. ;
_c27 cm.
500 _aIncluye datos biográficos del autor en la contraportada.
590 _aInventariado,2018/DG
650 4 _aRefrigeración
_920474
650 4 _aAire acondicionado
_920475
910 _aValidado. Control de calidad EMS
999 _c10463
_d10463